University Home | Library Home | Institutional Repository

Librarianship. (Record no. 180684)

MARC details
000 -LEADER
fixed length control field 00571cam4a220021700 4500
001 - CONTROL NUMBER
control field tmp15801311
003 - CONTROL NUMBER IDENTIFIER
control field UPRA
005 - DATE AND TIME OF LATEST TRANSACTION
control field 20190830095501.0
008 - FIXED-LENGTH DATA ELEMENTS--GENERAL INFORMATION
fixed length control field 951102s1964 ii eng u
035 ## - SYSTEM CONTROL NUMBER
System control number (Sirsi) r45658
035 ## - SYSTEM CONTROL NUMBER
System control number (UPRA)tmp15801311
040 ## - CATALOGING SOURCE
Transcribing agency UPRA
100 1# - MAIN ENTRY--PERSONAL NAME
Personal name Gujrati, B. S.
Linkage A3427.1
245 10 - TITLE STATEMENT
Title Librarianship.
260 ## - PUBLICATION, DISTRIBUTION, ETC.
Place of publication, distribution, etc. New Dehli :
Name of publisher, distributor, etc. Lakshimi Book Store,
Date of publication, distribution, etc. [1964]
504 ## - BIBLIOGRAPHY, ETC. NOTE
Bibliography, etc. note Includes bibliographies.
650 #0 - SUBJECT ADDED ENTRY--TOPICAL TERM
Topical term or geographic name entry element Library science.
Linkage S2537.1
949 ## - LOCAL PROCESSING INFORMATION (OCLC)
a Z665
w lcc
m MAIN
t BOOK
l ON-SHELF
987 ## - LOCAL ROMANIZATION/CONVERSION HISTORY (OCLC)
Romanization/conversion identifier WITHDRAWN.

No items available.

© 2026 - The University of Zambia Library - Koha v25.11